[Event "Aeroflot Open A"]
[Site "Moscow RUS"]
[Date "2011.02.08"]
[Round "1"]
[White "Geller, Jakov"]
[Black "Ni, Hua"]
[Result "1/2-1/2"]
[WhiteTitle "IM"]
[BlackTitle "GM"]
[WhiteElo "2544"]
[BlackElo "2645"]
[WhiteFideId "4151984"]
[BlackFideId "8601160"]
[EventDate "2011.02.08"]

1. e4 e6 2. d4 d5 3. Nc3 Nf6 4. Bg5 dxe4 5. Nxe4 Nbd7 6. Nf3 h6 7. Nxf6+ Nxf6 8.
Bh4 c5 9. Bb5+ Bd7 10. Bxd7+ Qxd7 11. Qe2 Be7 12. O-O-O O-O 13. dxc5 Qc6 14. Ne5
Qxc5 15. Bxf6 Bxf6 16. Nd7 Bxb2+ 17. Kxb2 Qb4+ 18. Kc1 Qa3+ 19. Kb1 Qb4+ 20. Kc1
Qa3+ 21. Kb1 1/2-1/2

[Event "Aeroflot Open A"]
[Site "Moscow RUS"]
[Date "2011.02.08"]
[Round "1"]
[White "Sandipan, Chanda"]
[Black "Danin, Alexandre"]
[Result "1/2-1/2"]
[WhiteTitle "GM"]
[BlackTitle "IM"]
[WhiteElo "2641"]
[BlackElo "2538"]
[WhiteFideId "5004225"]
[BlackFideId "4144031"]
[EventDate "2011.02.08"]

1. d4 d5 2. c4 c6 3. Nf3 Nf6 4. e3 g6 5. Nbd2 Bg7 6. b4 Ne4 7. Bb2 Bf5 8. Be2
O-O 9. O-O Nxd2 10. Nxd2 dxc4 11. Bxc4 a5 12. b5 c5 13. Nb3 Nd7 14. a4 Nb6 15.
Be2 cxd4 16. Bxd4 Bxd4 17. Nxd4 Be4 18. Bf3 Qd5 19. Bxe4 Qxe4 20. Qb3 Rfc8 21.
Rfc1 e5 22. Nf3 Rxc1+ 23. Rxc1 Qxa4 24. Qxa4 Nxa4 25. Nxe5 Nb6 26. Kf1 a4 27.
Ke2 Ra5 28. Rb1 a3 29. Nf3 Na4 30. Ra1 Nc3+ 31. Kd3 Nxb5 32. Kc4 Nd6+ 33. Kd3 b5
34. Kc3 Ra4 35. Kb3 Nc4 36. Nd4 Nd2+ 37. Kc2 Ne4 38. Nxb5 Nxf2 39. Nc3 Rc4 40.
Rxa3 Rc5 41. Kd2 Rg5 42. Ke2 Ng4 1/2-1/2

[Event "Aeroflot Open A"]
[Site "Moscow RUS"]
[Date "2011.02.08"]
[Round "1"]
[White "Alsina Leal, Daniel"]
[Black "Khairullin, Ildar"]
[Result "1/2-1/2"]
[WhiteTitle "GM"]
[BlackTitle "GM"]
[WhiteElo "2531"]
[BlackElo "2640"]
[WhiteFideId "2252627"]
[BlackFideId "4151348"]
[EventDate "2011.02.08"]

1. e4 c5 2. Nf3 e6 3. d4 cxd4 4. Nxd4 Nc6 5. Nc3 Qc7 6. Be2 Nf6 7. O-O a6 8. Be3
Be7 9. f4 d6 10. a4 O-O 11. Kh1 Re8 12. Bf3 Bf8 13. Qd2 Na5 14. Qf2 Nc4 15. Bc1
e5 16. Nde2 d5 17. fxe5 Nxe5 18. Bf4 dxe4 19. Nxe4 Nxe4 20. Bxe4 Be6 21. Nd4 Bc4
22. Rfe1 f6 23. Qh4 g6 24. Qxf6 Bg7 25. Qh4 Qb6 26. Nb3 Bxb3 27. cxb3 Qxb3 28.
Ra3 Qf7 29. h3 Nc6 30. Rae3 Kh8 31. Bd5 Qd7 32. Qg4 Rxe3 33. Qxd7 Rxe1+ 34. Kh2
Re7 35. Qg4 Bxb2 36. Bg5 Be5+ 37. g3 Rc7 38. h4 Rf8 39. h5 gxh5 40. Qxh5 Nd4 41.
Bh6 Bg7 42. Bxg7+ Rxg7 43. Bxb7 Nf5 44. Bxa6 Nxg3 45. Qe5 Nf5 46. Bc4 Nh4 47.
Bd5 Ng6 48. Qb2 Rf5 49. Be4 Rh5+ 50. Kg1 Ne5+ 51. Kf1 Rf7+ 52. Ke1 Rf4 1/2-1/2

[Event "Aeroflot Open A"]
[Site "Moscow RUS"]
[Date "2011.02.08"]
[Round "1"]
[White "Khalifman, Alexander"]
[Black "Mekhitarian, Krikor Sevag"]
[Result "1/2-1/2"]
[WhiteTitle "GM"]
[BlackTitle "GM"]
[WhiteElo "2638"]
[BlackElo "2528"]
[WhiteFideId "4100115"]
[BlackFideId "2107660"]
[EventDate "2011.02.08"]

1. d4 Nf6 2. c4 g6 3. g3 Bg7 4. Bg2 d5 5. cxd5 Nxd5 6. e4 Nb4 7. d5 c6 8. a3 Qa5
9. Nc3 cxd5 10. Bf4 N4c6 11. exd5 Nd4 12. Nf3 Bg4 13. O-O O-O 14. Re1 Qb6 15.
Na4 Qa6 16. Nc5 Qb6 17. Na4 Qa6 18. Nc5 1/2-1/2

[Event "Aeroflot Open A"]
[Site "Moscow RUS"]
[Date "2011.02.08"]
[Round "1"]
[White "Lysyj, Igor"]
[Black "Ju, Wenjun"]
[Result "1/2-1/2"]
[WhiteTitle "GM"]
[BlackTitle "WGM"]
[WhiteElo "2635"]
[BlackElo "2514"]
[WhiteFideId "4150120"]
[BlackFideId "8603006"]
[EventDate "2011.02.08"]

1. d4 Nf6 2. c4 g6 3. Nc3 Bg7 4. e4 d6 5. Nf3 O-O 6. h3 e5 7. d5 Nh5 8. g3 a5 9.
Nh2 Na6 10. Be2 Nf6 11. Ng4 Nc5 12. Nxf6+ Qxf6 13. h4 Qe7 14. h5 gxh5 15. Be3 f5
16. Bxc5 dxc5 17. Rxh5 Ra6 18. Qd3 f4 19. O-O-O Rg6 20. Rdh1 h6 21. Nd1 Qf6 22.
R1h4 Rg5 23. Rxg5 hxg5 24. Rh1 g4 25. Kb1 Qe7 26. Nc3 Rf6 27. Qd1 f3 28. Bd3 Rh6
29. Rxh6 Bxh6 30. Nb5 b6 31. a3 Qh7 32. Bc2 Bf8 33. Ka2 Ba6 34. Qf1 1/2-1/2

[Event "Aeroflot Open A"]
[Site "Moscow RUS"]
[Date "2011.02.08"]
[Round "1"]
[White "Xiu, Deshun"]
[Black "Edouard, Romain"]
[Result "1-0"]
[BlackTitle "GM"]
[WhiteElo "2508"]
[BlackElo "2634"]
[WhiteFideId "8603693"]
[BlackFideId "633429"]
[EventDate "2011.02.08"]

1. Nf3 c5 2. c4 Nc6 3. d4 cxd4 4. Nxd4 Nf6 5. Nc3 e6 6. a3 Be7 7. e4 O-O 8. Nf3
Qc7 9. Be2 b6 10. Bg5 Bb7 11. O-O Ne5 12. Bh4 d6 13. Nxe5 dxe5 14. Qc2 Rac8 15.
Rfc1 Ba6 16. b4 Rfe8 17. Nd1 Bb7 18. f3 a5 19. Qb2 axb4 20. axb4 Ra8 21. Nc3
Rxa1 22. Rxa1 Qd6 23. Rb1 Ba6 24. Bf2 Nd7 25. c5 bxc5 26. Rd1 Qb6 27. Rxd7 Bxe2
28. Rxe7 Rxe7 29. Bxc5 1-0

[Event "Aeroflot Open A"]
[Site "Moscow RUS"]
[Date "2011.02.08"]
[Round "1"]
[White "Ding, Liren"]
[Black "Fedoseev, Vladimir3"]
[Result "0-1"]
[WhiteTitle "GM"]
[BlackTitle "IM"]
[WhiteElo "2628"]
[BlackElo "2505"]
[WhiteFideId "8603677"]
[BlackFideId "24130737"]
[EventDate "2011.02.08"]

1. d4 Nf6 2. c4 g6 3. Nc3 Bg7 4. e4 d6 5. Nf3 O-O 6. h3 e5 7. d5 a5 8. g4 Na6 9.
Be3 Bd7 10. Nd2 h5 11. Be2 hxg4 12. hxg4 Nh7 13. Nf3 Bf6 14. Rg1 Ng5 15. Qd2 Nh3
16. Rg3 Nf4 17. g5 Bg7 18. O-O-O Qe7 19. Rh1 Nc5 20. Nh4 c6 21. Bxc5 dxc5 22.
Bd1 Rfd8 23. Bc2 b5 24. f3 bxc4 25. dxc6 Bxc6 26. Qh2 Rab8 27. Nf5 gxf5 28. exf5
Kf8 29. Qh7 Qd6 30. Kb1 Rxb2+ 31. Ka1 Rxc2 32. f6 Ng6 0-1

[Event "Aeroflot Open A"]
[Site "Moscow RUS"]
[Date "2011.02.08"]
[Round "1"]
[White "Roussel-Roozmon, Thomas"]
[Black "Mareco, Sandro"]
[Result "1/2-1/2"]
[WhiteTitle "GM"]
[BlackTitle "GM"]
[WhiteElo "2500"]
[BlackElo "2627"]
[WhiteFideId "2603659"]
[BlackFideId "112275"]
[EventDate "2011.02.08"]

1. Nf3 Nf6 2. c4 e6 3. g3 d5 4. Bg2 Be7 5. O-O O-O 6. b3 c5 7. Bb2 Nc6 8. e3 b6
9. Nc3 dxc4 10. bxc4 Bb7 11. Qe2 Qc7 12. Rac1 a6 13. Ne1 Na5 14. f4 Bxg2 15.
Nxg2 Rfd8 16. a4 Qd7 17. Rfd1 Nb3 18. Rb1 Qc6 19. d3 Rd7 20. Ne1 Ne8 21. Qf3 Na5
22. Qxc6 Nxc6 23. Kf2 Nb4 24. Ke2 Rad8 25. Ne4 f6 26. Bc3 a5 27. Nf2 h5 28. Nf3
Nd6 29. Rd2 Nf5 30. Rg1 Kf7 31. h3 h4 32. gxh4 Rh8 1/2-1/2

[Event "Aeroflot Open A"]
[Site "Moscow RUS"]
[Date "2011.02.08"]
[Round "1"]
[White "Predojevic, Borki"]
[Black "El Debs, Felipe de Cresce"]
[Result "1/2-1/2"]
[WhiteTitle "GM"]
[BlackTitle "GM"]
[WhiteElo "2626"]
[BlackElo "2499"]
[WhiteFideId "930849"]
[BlackFideId "2106981"]
[EventDate "2011.02.08"]

1. e4 c6 2. d3 d5 3. Nd2 e5 4. Ngf3 Nd7 5. g3 Ngf6 6. Bg2 Bc5 7. O-O O-O 8. Nb3
Bb6 9. Nh4 Nc5 10. Bg5 dxe4 11. Nxc5 Bxc5 12. dxe4 Qxd1 13. Raxd1 Bg4 14. Rd2
Rfd8 15. Rxd8+ Rxd8 16. Bf3 Bh3 17. Bxf6 gxf6 18. Rd1 Rxd1+ 19. Bxd1 Be6 1/2-1/2

[Event "Aeroflot Open A"]
[Site "Moscow RUS"]
[Date "2011.02.08"]
[Round "1"]
[White "Kosteniuk, Alexandra"]
[Black "Salgado Lopez, Ivan"]
[Result "0-1"]
[WhiteTitle "GM"]
[BlackTitle "GM"]
[WhiteElo "2498"]
[BlackElo "2626"]
[WhiteFideId "4128125"]
[BlackFideId "2257327"]
[EventDate "2011.02.08"]

1. e4 c5 2. c3 Nf6 3. e5 Nd5 4. Nf3 d6 5. Bc4 e6 6. d4 Nc6 7. O-O cxd4 8. cxd4
Be7 9. Qe2 O-O 10. Nc3 Nxc3 11. bxc3 dxe5 12. dxe5 Qa5 13. a4 Rd8 14. Qe4 Bd7
15. Bd3 g6 16. Rb1 Rab8 17. Re1 Be8 18. Bg5 Bxg5 19. Nxg5 Qxe5 20. Nxh7 Qxc3 21.
Re3 Kxh7 22. Qh4+ Kg7 23. Bxg6 Qf6 24. Qh7+ Kf8 25. Be4 Nd4 26. Qh5 Bc6 27. Qc5+
Ke8 28. Rbe1 Bxe4 29. Rxe4 b6 30. Qc7 Rbc8 31. Qg3 Rc3 32. Qg4 Rc2 33. f3 Rd5
34. h4 Ke7 35. Kh1 Nf5 36. Rf4 Qg6 37. Qh3 Qg3 38. Qxg3 Nxg3+ 39. Kh2 Nh5 40.
Rg4 Nf6 0-1

[Event "Aeroflot Open A"]
[Site "Moscow RUS"]
[Date "2011.02.08"]
[Round "1"]
[White "Sjugirov, Sanan"]
[Black "Pogonina, Natalija"]
[Result "1-0"]
[WhiteTitle "GM"]
[BlackTitle "WGM"]
[WhiteElo "2626"]
[BlackElo "2472"]
[WhiteFideId "4189302"]
[BlackFideId "4147855"]
[EventDate "2011.02.08"]

1. Nf3 Nf6 2. c4 e6 3. g3 d5 4. Bg2 Be7 5. d4 O-O 6. O-O c6 7. Qc2 b6 8. Nbd2
Bb7 9. e4 dxe4 10. Nxe4 Nxe4 11. Qxe4 Nd7 12. Rd1 Qc8 13. Bf4 Re8 14. Qc2 h6 15.
Rac1 Bf8 16. c5 e5 17. Bxe5 Nxe5 18. Nxe5 bxc5 19. Bf1 Ba6 20. Qb3 Re7 21. Rxc5
Bxf1 22. Rxf1 Re6 23. Rc4 Qe8 24. Nd3 Rd8 25. Qa4 Red6 26. Re1 Qd7 27. Ne5 Qe6
28. Re3 Rc8 29. b3 Qd5 30. Qxa7 f6 31. Ng6 Qf5 32. Ne7+ Bxe7 33. Rxe7 Qg6 34.
Rb4 Re8 35. Rxe8+ Qxe8 36. Rb8 Rd8 37. Rxd8 Qxd8 38. Qc5 Qe8 39. Qc4+ Kh8 40. d5
Qe1+ 41. Kg2 cxd5 42. Qxd5 g5 43. a4 Kg7 44. a5 Qe2 45. Qb7+ 1-0

[Event "Aeroflot Open A"]
[Site "Moscow RUS"]
[Date "2011.02.08"]
[Round "1"]
[White "Dubov, Daniil"]
[Black "Rodshtein, Maxim"]
[Result "1/2-1/2"]
[WhiteTitle "IM"]
[BlackTitle "GM"]
[WhiteElo "2459"]
[BlackElo "2625"]
[WhiteFideId "24126055"]
[BlackFideId "2806851"]
[EventDate "2011.02.08"]

1. d4 Nf6 2. c4 e6 3. Nc3 Bb4 4. Qc2 O-O 5. a3 Bxc3+ 6. Qxc3 d5 7. e3 b6 8. Nf3
Ba6 9. b4 dxc4 10. Bxc4 Ne4 11. Qc2 Bxc4 12. Qxc4 Qd5 13. Qxd5 exd5 14. Bd2 Nd6
15. Ke2 Nd7 16. Rhc1 Nc4 17. b5 a6 18. a4 Ra7 19. Ne1 Rfa8 20. Rab1 axb5 21.
axb5 Ra2 22. Rc2 Nf6 23. f3 Ne8 24. Bb4 Ned6 25. Bxd6 Nxd6 26. Rbb2 Rxb2 27.
Rxb2 Ra5 28. Nd3 Kf8 29. Nf4 Nxb5 30. Rc2 g5 31. Nxd5 Nxd4+ 32. exd4 Rxd5 33.
Rxc7 Rxd4 34. Rc6 Rb4 35. g4 Rb2+ 36. Ke3 Kg7 37. h3 b5 38. Rb6 h6 39. Kd3 b4
40. f4 b3 41. fxg5 hxg5 42. Ke4 Rb1 43. Kf5 f6 44. Rb7+ Kh6 45. Kxf6 Rf1+ 46.
Ke5 Rf3 1/2-1/2

[Event "Aeroflot Open A"]
[Site "Moscow RUS"]
[Date "2011.02.08"]
[Round "1"]
[White "Vuckovic, Bojan"]
[Black "Bukavshin, Ivan"]
[Result "1/2-1/2"]
[WhiteTitle "GM"]
[BlackTitle "FM"]
[WhiteElo "2623"]
[BlackElo "2458"]
[WhiteFideId "922277"]
[BlackFideId "4199758"]
[EventDate "2011.02.08"]

1. d4 Nf6 2. c4 g6 3. Nc3 d5 4. Bg5 Ne4 5. Bh4 Nxc3 6. bxc3 dxc4 7. e3 Be6 8.
Nf3 c6 9. Be2 Nd7 10. O-O Qa5 11. Qc2 Nb6 12. Rfb1 Bh6 13. a4 f6 14. Rb4 Rc8 15.
Nd2 c5 16. Rb5 Qa6 17. dxc5 Nd7 18. Nxc4 Rxc5 19. Ne5 Rxb5 20. Bxb5 Qb6 21. Bxf6
exf6 22. Nxd7 Bxd7 23. Qe4+ Kf7 24. Bxd7 Rd8 25. Rd1 Kf8 26. g3 f5 27. Qf3 Qc7
28. Be6 Rxd1+ 29. Qxd1 Bg7 30. c4 Bf6 31. Bd5 b6 32. Kg2 Kg7 33. h4 h5 34. Qf3
Qd7 35. e4 fxe4 36. Qxe4 Qe7 37. Be6 Qd6 38. Qb7+ Qe7 39. Qd5 Qd8 40. Bd7 Qe7
41. Be6 Qd8 42. Qc6 Qe7 43. Bd5 Bd4 44. Be4 Qf7 45. f4 Bc5 46. a5 Qf6 47. a6
Qxc6 48. Bxc6 Bb4 49. Kf2 Kf6 50. Bb5 Bc5+ 51. Kf3 Bb4 52. Ke2 Bc5 53. Be8 Bb4
54. Kf2 Bd2 55. Ke2 Bb4 56. Ke3 Be1 57. Kf3 Bb4 58. Bd7 Be1 59. f5 gxf5 60. Be8
Ke5 61. Bxh5 Kf6 62. Be8 Ke5 63. Bd7 Kf6 64. h5 Bd2 65. Ke2 Bh6 66. Kd3 f4 67.
g4 Ke5 68. Bc6 Bg5 69. Bf3 Bh6 70. Ke2 Bg5 71. Bd5 Bh6 72. Kf3 Bg5 73. Kg2 Bh6
74. Kh3 Bg5 75. h6 Bxh6 76. Kh4 Kf6 77. Kh5 Bf8 78. Bc6 Kg7 79. g5 f3 80. Bxf3
b5 81. cxb5 1/2-1/2

[Event "Aeroflot Open A"]
[Site "Moscow RUS"]
[Date "2011.02.08"]
[Round "1"]
[White "Paikidze, Nazi"]
[Black "Maletin, Pavel"]
[Result "1/2-1/2"]
[WhiteTitle "WGM"]
[BlackTitle "GM"]
[WhiteElo "2455"]
[BlackElo "2621"]
[WhiteFideId "13603620"]
[BlackFideId "4146786"]
[EventDate "2011.02.08"]

1. d4 Nf6 2. c4 g6 3. Nc3 d5 4. cxd5 Nxd5 5. e4 Nxc3 6. bxc3 Bg7 7. Bc4 c5 8.
Ne2 Nc6 9. Be3 O-O 10. O-O Bd7 11. Rb1 Qc7 12. Bf4 Qc8 13. d5 Na5 14. Bd3 e5 15.
Bd2 c4 16. Bc2 f5 17. exf5 gxf5 18. Ng3 Rf7 19. Kh1 b6 20. f4 e4 21. Nh5 Nb7 22.
Nxg7 Rxg7 23. Qe2 b5 24. Be3 Nc5 25. Bd4 Rg6 26. Qe3 Nd3 27. Bd1 a5 28. Bh5 Raa6
29. g4 Qb7 30. Bxg6 Rxg6 31. g5 Ra6 32. Rg1 Be8 33. g6 Rxg6 34. Rxg6+ hxg6 35.
Qg3 Qxd5 36. Qh4 Kf8 37. Bf6 Kf7 38. Bd4 Ke6 39. Qf6+ Kd7 40. Be3 Qd6 41. Qg7+
Kd8 42. Qb7 Bc6 43. Qh7 Kc8 44. Qg8+ Kc7 45. Qf7+ Kc8 46. Qg8+ Kc7 47. Qf7+ 1/2-1/2

[Event "Aeroflot Open A"]
[Site "Moscow RUS"]
[Date "2011.02.08"]
[Round "1"]
[White "Ragger, Markus"]
[Black "Huschenbeth, Niclas"]
[Result "1/2-1/2"]
[WhiteTitle "GM"]
[BlackTitle "IM"]
[WhiteElo "2615"]
[BlackElo "2450"]
[WhiteFideId "1610856"]
[BlackFideId "24604747"]
[EventDate "2011.02.08"]

1. Nf3 d5 2. g3 c6 3. Bg2 Bg4 4. c4 e6 5. O-O Nd7 6. cxd5 exd5 7. d3 Bd6 8. Nc3
Ngf6 9. h3 Bh5 10. e4 O-O 11. exd5 cxd5 12. g4 Bg6 13. Nh4 Nc5 14. Nxg6 hxg6 15.
g5 d4 16. gxf6 dxc3 17. fxg7 Re8 18. d4 cxb2 19. Bxb2 Ne6 20. Qf3 Rc8 21. Rae1
Qb6 22. Qxb7 Qxb7 23. Bxb7 Rc2 24. Bc1 Rxa2 25. Bc6 Re7 26. Be3 Nxg7 27. Ra1
Rxa1 28. Rxa1 Nf5 29. Bg5 Re2 30. Bf3 Re8 31. Bc6 Rc8 32. Bd7 Rc4 33. Bxf5 gxf5
34. Bf6 Kh7 35. Rxa7 Kg6 36. Bh8 Rc8 37. Be5 Bxe5 38. dxe5 Rc5 39. Re7 Kg7 40.
Re8 Rc3 41. Kg2 Kg6 42. Rg8+ Kh6 43. h4 Rc5 44. Re8 Rc4 45. Rh8+ Kg7 46. Rh5
Rg4+ 47. Kh3 Kg6 48. f3 Kxh5 49. fxg4+ fxg4+ 50. Kg3 Kg6 51. Kxg4 f6 52. e6 f5+
53. Kf4 Kf6 54. e7 Kxe7 55. Kxf5 1/2-1/2

[Event "Aeroflot Open A"]
[Site "Moscow RUS"]
[Date "2011.02.08"]
[Round "1"]
[White "Khader, Sami"]
[Black "Lenic, Luka"]
[Result "0-1"]
[WhiteTitle "IM"]
[BlackTitle "GM"]
[WhiteElo "2450"]
[BlackElo "2613"]
[WhiteFideId "8100500"]
[BlackFideId "14603853"]
[EventDate "2011.02.08"]

1. d4 Nf6 2. c4 e6 3. g3 Bb4+ 4. Bd2 Qe7 5. Bg2 Nc6 6. e3 Bxd2+ 7. Qxd2 e5 8. d5
Nb8 9. Ne2 d6 10. Nbc3 O-O 11. O-O a5 12. e4 Na6 13. b3 Bd7 14. Rab1 c6 15. dxc6
Bxc6 16. a3 Nc5 17. Qc2 a4 18. b4 Nb3 19. b5 Bd7 20. Nxa4 Rxa4 21. Qxb3 Rfa8 22.
Nc3 Rxa3 23. Qb4 Be6 24. b6 Nd7 25. Nb5 Rd3 26. Rfd1 Rxd1+ 27. Rxd1 Nxb6 28.
Nxd6 Nxc4 29. Qxb7 Qxb7 30. Nxb7 Bg4 31. f3 Be6 32. Rd8+ Rxd8 33. Nxd8 Bd7 34.
Nb7 Bc6 35. Nc5 Kf8 36. Kf2 Ke7 37. Bf1 Nd2 38. Be2 Kd6 39. Nd3 g6 40. Nb4 Bb7
41. Ke3 Nb1 42. Bc4 Kc5 43. Ba2 Kxb4 44. Bxb1 Ba6 45. Bc2 Bb5 46. f4 f6 47. Bd1
g5 48. Bg4 Kc3 49. Be6 Be8 50. Bd5 Kc2 51. Be6 Bh5 52. Bd7 Kd1 53. Ba4+ Ke1 54.
Bb5 Bg4 55. Bc4 Bh3 56. Bb5 h6 57. Bc4 Bf1 58. Be6 Be2 59. Bd7 Bc4 60. Bh3 Bb5
61. Be6 Kf1 62. fxe5 fxe5 63. Kf3 Be2+ 64. Ke3 Bd1 65. Bf5 Kg2 66. Be6 Kxh2 67.
Kf2 h5 68. Bf5 g4 0-1

[Event "Aeroflot Open A"]
[Site "Moscow RUS"]
[Date "2011.02.09"]
[Round "2"]
[White "Kamsky, Gata"]
[Black "Zhou, Jianchao"]
[Result "1/2-1/2"]
[WhiteTitle "GM"]
[BlackTitle "GM"]
[WhiteElo "2730"]
[BlackElo "2655"]
[WhiteFideId "2000024"]
[BlackFideId "8603537"]
[EventDate "2011.02.08"]

1. e4 e5 2. Nf3 Nc6 3. Bb5 Nf6 4. O-O Nxe4 5. d4 Nd6 6. Bxc6 dxc6 7. dxe5 Nf5 8.
Qxd8+ Kxd8 9. Nc3 Bd7 10. h3 h6 11. b3 c5 12. Rd1 Kc8 13. Nd5 g5 14. c4 Be6 15.
Bb2 b6 16. g4 Ne7 17. Kg2 Ng6 18. Kg3 Bg7 19. Nf6 Kb7 20. Rd2 a5 21. a4 Rhd8 22.
Rad1 Rxd2 23. Rxd2 b5 24. Nd7 Bf8 25. Nxf8 Nxf8 26. h4 bxa4 27. bxa4 Nh7 28. Bc1
Kc6 29. Rb2 Bxc4 30. hxg5 hxg5 31. Nxg5 Nxg5 32. Bxg5 Re8 33. Bf6 Be6 34. Kf4 c4
35. f3 Kd5 36. Bh4 Bd7 37. Rd2+ Ke6 38. Rd4 c3 39. Rc4 Rb8 40. Rxc3 Rb4+ 41. Kg5
Kxe5 42. Bg3+ Ke6 43. Re3+ Kd5 44. Re5+ Kc6 45. Rxa5 Kb6 46. Re5 Rxa4 47. Re7
f6+ 48. Kh5 Kc6 49. Re3 f5 50. g5 f4 51. Rc3+ Kd5 52. Bh2 Be8+ 53. Kh6 c5 54.
Rd3+ Kc4 55. Rd6 Ra3 56. Bxf4 Rxf3 57. Be5 Re3 58. Bf6 Rd3 59. Re6 Rh3+ 60. Kg7
Bh5 61. Re5 Rg3 62. Be7 Kd4 63. Rxc5 Be2 64. Ra5 Bd3 65. Kf6 Ke3 66. Ra3 Rg4 67.
Bd6 Ke2 68. Ra2+ Kf3 69. Rh2 Be4 70. Rh3+ Ke2 71. Bc5 Bd3 72. Rh2+ Kf3 73. Rd2
Be4 74. Rf2+ Kg3 75. Re2 Kf3 76. Re3+ Kg2 77. Bb6 Kh2 78. Ba5 Kg2 79. Bd2 Bb1
80. Rb3 Be4 81. Ke5 Bg6 82. Bf4 Bh7 83. Rb7 Bg6 84. Rb6 Bh7 85. Rh6 Bb1 86. Rb6
Bh7 87. Rh6 1/2-1/2

[Event "Aeroflot Open A"]
[Site "Moscow RUS"]
[Date "2011.02.09"]
[Round "2"]
[White "Andreikin, Dmitry"]
[Black "Sjugirov, Sanan"]
[Result "1/2-1/2"]
[WhiteTitle "GM"]
[BlackTitle "GM"]
[WhiteElo "2689"]
[BlackElo "2626"]
[WhiteFideId "4158814"]
[BlackFideId "4189302"]
[EventDate "2011.02.08"]

1. e4 c5 2. Nc3 d6 3. Nge2 Nf6 4. g3 g6 5. Bg2 Bg7 6. d3 Nc6 7. h3 Rb8 8. f4 Nd7
9. O-O O-O 10. a4 a6 11. g4 b5 12. axb5 axb5 13. f5 b4 14. Nd5 Nb6 15. Nef4 Nxd5
16. Nxd5 Bd4+ 17. Kh1 e6 18. Ne3 Bf6 19. Nc4 exf5 20. exf5 Ne5 21. Bh6 Re8 22.
Ra7 Re7 23. Rxe7 Qxe7 24. Ne3 Bb7 25. Qd2 Bg5 26. Bxg5 Qxg5 27. Bxb7 Rxb7 28. b3
Ra7 1/2-1/2

[Event "Aeroflot Open A"]
[Site "Moscow RUS"]
[Date "2011.02.09"]
[Round "2"]
[White "Khismatullin, Denis"]
[Black "Riazantsev, Alexander"]
[Result "1/2-1/2"]
[WhiteTitle "GM"]
[BlackTitle "GM"]
[WhiteElo "2649"]
[BlackElo "2689"]
[WhiteFideId "4142578"]
[BlackFideId "4125029"]
[EventDate "2011.02.08"]

1. c4 Nf6 2. d4 e6 3. Nc3 Bb4 4. e3 O-O 5. Bd3 c5 6. Nf3 d5 7. O-O cxd4 8. exd4
dxc4 9. Bxc4 a6 10. Ne5 b5 11. Qf3 Qxd4 12. Qxa8 Qxe5 13. Be2 Bxc3 14. bxc3 Qxe2
15. Qxb8 Qc4 16. a4 bxa4 17. Qf4 Qxc3 18. Ba3 Re8 19. Qxa4 Bb7 20. Qh4 Qd3 21.
Rfc1 Nd5 22. Qg3 Qe4 23. Bb2 f6 24. f3 Qf5 25. Ra4 e5 26. Qg4 Qxg4 27. Rxg4 Rd8
28. Rgc4 Nf4 29. R1c2 h5 30. Kf2 Rd1 31. Bc1 Nd3+ 32. Ke2 Rxc1 33. Kxd3 Rxc2 34.
Rxc2 Bd5 35. Rc7 Bb3 36. Ra7 Ba4 37. Ke4 Bb5 38. Kf5 Kh7 39. h4 Bf1 40. g3 Be2
41. Ke4 Kg6 42. f4 exf4 43. gxf4 Bb5 44. Rc7 Bf1 45. f5+ Kh6 46. Rc3 Bg2+ 47.
Kd4 Kh7 48. Re3 Bc6 49. Kc5 Bd7 50. Rf3 g6 51. fxg6+ Kxg6 52. Kd6 Bg4 53. Rf2
Kf7 54. Ra2 Kf8 55. Rxa6 1/2-1/2

[Event "Aeroflot Open A"]
[Site "Moscow RUS"]
[Date "2011.02.09"]
[Round "2"]
[White "Salgado Lopez, Ivan"]
[Black "Kasimdzhanov, Rustam"]
[Result "1/2-1/2"]
[WhiteTitle "GM"]
[BlackTitle "GM"]
[WhiteElo "2626"]
[BlackElo "2681"]
[WhiteFideId "2257327"]
[BlackFideId "14200244"]
[EventDate "2011.02.08"]

1. e4 e5 2. Nf3 Nf6 3. Nxe5 d6 4. Nf3 Nxe4 5. Nc3 Nxc3 6. dxc3 Be7 7. Be3 Nc6 8.
Qd2 O-O 9. O-O-O Ne5 10. Nd4 c5 11. Nf3 Be6 12. a3 Ng4 13. Bf4 d5 14. h4 Bd6 15.
Ng5 Bxf4 16. Qxf4 Nf6 17. c4 Qb8 18. Qd2 dxc4 19. Nxe6 fxe6 20. Qe3 Kh8 21. Be2
c3 22. Bf3 cxb2+ 23. Kxb2 e5 24. Qxc5 e4 25. Be2 Qe8 26. Qd4 Rc8 27. Bc4 Ng4 28.
Rhe1 Nxf2 29. Rd2 Qa4 30. Bb3 Qa5 31. Qb4 Qe5+ 32. Qd4 Qa5 33. Qb4 Qe5+ 34. Qd4 1/2-1/2

[Event "Aeroflot Open A"]
[Site "Moscow RUS"]
[Date "2011.02.09"]
[Round "2"]
[White "Lenic, Luka"]
[Black "Korobov, Anton"]
[Result "1-0"]
[WhiteTitle "GM"]
[BlackTitle "GM"]
[WhiteElo "2613"]
[BlackElo "2670"]
[WhiteFideId "14603853"]
[BlackFideId "14105730"]
[EventDate "2011.02.08"]

1. d4 d5 2. c4 c6 3. Nf3 Nf6 4. e3 e6 5. Bd3 dxc4 6. Bxc4 c5 7. Qe2 a6 8. dxc5
Bxc5 9. O-O b5 10. Bd3 Nc6 11. a3 Bd6 12. Rd1 Bb7 13. Nc3 Qe7 14. Bd2 O-O 15.
Ne4 Nxe4 16. Bxe4 f5 17. Bb1 g5 18. Bc3 g4 19. Nd4 Nxd4 20. Rxd4 Be5 21. Ba2
Bxd4 22. exd4 Rfe8 23. Re1 Kf7 24. Qe5 Qf6 25. Qc7+ Re7 26. Qd6 Rae8 27. d5 e5
28. Qc5 Kg6 29. h3 Rc8 30. Qe3 gxh3 31. Qxh3 Rd8 32. Bxe5 Qg5 33. Re3 Bxd5 34.
Rg3 h6 35. Bxd5 Rxe5 36. Bf3 Re1+ 37. Kh2 Rg8 38. Rxg5+ hxg5 39. Bh5+ 1-0

[Event "Aeroflot Open A"]
[Site "Moscow RUS"]
[Date "2011.02.09"]
[Round "2"]
[White "Kobalia, Mikhail"]
[Black "Petrosian, Tigran L."]
[Result "1/2-1/2"]
[WhiteTitle "GM"]
[BlackTitle "GM"]
[WhiteElo "2666"]
[BlackElo "2604"]
[WhiteFideId "4119150"]
[BlackFideId "13301616"]
[EventDate "2011.02.08"]

1. d4 d5 2. c4 c6 3. Nc3 Nf6 4. e3 e6 5. Nf3 Nbd7 6. Qc2 Bd6 7. Bd3 O-O 8. O-O
dxc4 9. Bxc4 b5 10. Bd3 Bb7 11. a3 Qe7 12. e4 e5 13. Bg5 h6 14. Bh4 Rad8 15.
Rad1 Rfe8 16. Be2 Bb8 17. dxe5 Nxe5 18. Nd4 Ng6 19. Nf5 Qe6 20. Bg3 Nf4 21. Bf3
Be5 22. Qc1 Nd3 23. Qc2 Nf4 24. Qc1 Nd3 25. Qc2 1/2-1/2